000 00907nam a2200301Ia 4500
001 79889
003 IT-RoPAU
008 130308s9999 xx 000 0 und d
040 _aIT-RoPAU
040 _cIT-RoPAU
041 _aFRANCESE
100 _aCartier Alice
100 _gCodice Aut. SPICS: 29002
245 _aDu role de l'objet dans le figement des composes verbe-objet en chinois
245 _bLinguistique Fonctionnelle-Debats et Perspectives
250 _a1a ed.
260 _aPARIS
260 _bPresses Universitaires France
260 _c1979 [1° Ed.:1979 - Ed.Ling.Originale:1979]
300 _a"9 p. (prefazione: no ; testo: 9 [pagine: 181-189])"
500 _aRuolo dell'Oggetto Nei Composti Verbo Oggetto in Cinese Oggetti Sintematici
650 _aLINGUISTICA
650 _eCodice materia Spics: 3201
942 _cBK
957 _71
999 _c39248
_d39248
999 _bSI
999 _g1